Catálogo
 En Linea

Análisis y consideraciones sobre problemas sanitarios de Guatemala : (Registro nro. 10902)

Detalles MARC
000 -CABECERA
campo de control de longitud fija 00794cam a2200217 a 4500
001 - NÚMERO DE CONTROL
campo de control 000011179
005 - FECHA Y HORA DE LA ÚLTIMA TRANSACCIÓN
campo de control 20250224122025.0
008 - DATOS DE LONGITUD FIJA--INFORMACIÓN GENERAL
campo de control de longitud fija 790125s1966 gt a b 000 0 spa d
040 ## - FUENTE DE LA CATALOGACIÓN
Centro catalogador/agencia de origen DO-SdBNP
Lengua de catalogación spa
Centro/agencia transcriptor DLC
Centro/agencia modificador BNPHU
082 ## - NÚMERO DE LA CLASIFICACIÓN DECIMAL DEWEY
Número de clasificación 362.17291
Número de documento/Ítem G311a
049 ## - FONDOS LOCALES (OCLC)
Fondos de biblioteca BNGR
100 1# - ENTRADA PRINCIPAL--NOMBRE DE PERSONA
Nombre de persona Gehlert Mata, Carlos.
9 (RLIN) 26707
245 10 - MENCIÓN DE TÍTULO
Título Análisis y consideraciones sobre problemas sanitarios de Guatemala :
Resto del título sus posibles soluciones /
Mención de responsabilidad, etc. Carlos Gehlert Mata.
260 ## - PUBLICACIÓN, DISTRIBUCIÓN, ETC.
Lugar de publicación, distribución, etc. Guatemala :
Nombre del editor, distribuidor, etc. Editorial José de Pineda Ibarra,
Fecha de publicación, distribución, etc. 1966.
300 ## - DESCRIPCIÓN FÍSICA
Extensión 199 p. :
Otras características físicas il. ;
Dimensiones 21 cm.
504 ## - NOTA DE BIBLIOGRAFÍA, ETC.
Nota de bibliografía, etc. Incluye referencias bibliográficas: p. 197-199.
650 #4 - PUNTO DE ACCESO ADICIONAL DE MATERIA--TÉRMINO DE MATERIA
Término de materia o nombre geográfico como elemento de entrada Salud pública
Subdivisión geográfica Guatemala
9 (RLIN) 26708
651 #4 - PUNTO DE ACCESO ADICIONAL DE MATERIA--NOMBRE GEOGRÁFICO
Nombre geográfico Guatemala
Subdivisión general Condiciones Sociales
9 (RLIN) 17005
650 #0 - PUNTO DE ACCESO ADICIONAL DE MATERIA--TÉRMINO DE MATERIA
Término de materia o nombre geográfico como elemento de entrada Saneamiento
9 (RLIN) 7181
910 ## - DATOS DE OPCIÓN DEL USUARIO (OCLC)
Datos de opción del usuario Catalogación por copia / LC
Existencias
Estado de retiro Estado de pérdida Restricciones de uso No para préstamo Código de colección Localización permanente Ubicación/localización actual Ubicación en estantería Fecha de adquisición Número de inventario Total de préstamos Signatura topográfica completa Código de barras Fecha visto por última vez Precio válido a partir de Tipo de ítem Koha
        Monografías: Libros y Folletos General General En catalogación 14.10.2009 LF1   362.17291 G311a 11179-10 25.06.2020 25.06.2020 Préstamo en sala

Con tecnología Koha